Normal view MARC view

Entry Personal Name

Number of records used in: 1

001 - CONTROL NUMBER

  • control field: 824569

003 - CONTROL NUMBER IDENTIFIER

  • control field: OSt

005 - DATE AND TIME OF LATEST TRANSACTION

  • control field: 20250923144414.0

008 - FIXED-LENGTH DATA ELEMENTS

  • fixed length control field: 250923|| aca||aabn | a|a d

040 ## - CATALOGING SOURCE

  • Original cataloging agency: OSt
  • Transcribing agency: OSt

100 ## - HEADING--PERSONAL NAME

  • Personal name: Stewart, A.M

670 ## - SOURCE DATA FOUND

  • Source citation: Work cat.: (OSt)1438454: Stewart, A.M , Industrial work of the YWCA, 1937
Copyright @ Delhi University Library System